| 000 | 00855nam a22002777a 4500 | ||
|---|---|---|---|
| 001 | 9115 | ||
| 003 | FISKH | ||
| 005 | 20251124154522.0 | ||
| 008 | 251124b cb ||||| |||| 00| 0 eng d | ||
| 020 | _a9781730160035 | ||
| 040 |
_aFISKH _beng _cFISKH _dFISKH |
||
| 050 | _aPZ7 | ||
| 082 | _a398.2 | ||
| 100 |
_aPrakash, Ved _eAuthor |
||
| 245 |
_aHello! / _cBy Ved Prakash |
||
| 260 |
_aNew Delhi : _bDreamland , _c2008 |
||
| 300 |
_a24 pages : _bcolor illustrations ; _c29 cm |
||
| 490 |
_aCharacter-building stories for children : _vBook 1 |
||
| 505 | _aG | ||
| 520 | _aThis is the first book in the series. It contains three stories which make children learn how to be friendly and courteous. | ||
| 521 | 8 |
_a350
_bLexile estimate |
|
| 521 | 8 |
_aG
_bRaz-Plus |
|
| 650 |
_aCharacter-building _vHello |
||
| 942 |
_2ddc _cBK _n0 |
||
| 999 |
_c9115 _d9115 |
||